000 00731cam a2200193 4500
001 ABS61045
008 000000n1999 000 0 eng u
035 _a(Sirsi) u101599
100 _aBrown, S.
245 _aBack to the centre: lessons from abroad
260 _c1999
490 _aCSM
_bChartered Surveyor Monthly
_v8(11/12) July/August 1999, 38-39(2)
520 _a Reports on projects in New Zealand and South Korea aimed at sustaining town centres and promoting inner-city living. Suggests that the UK could incorporate the lessons of these experiences into practice and policy.
650 _aNEW ZEALAND
650 _aREPUBLIC OF KOREA
650 _aSUSTAINABLE DEVELOPMENT
690 _aURBAN RENEWAL
942 _n0
999 _c60731
_d60731